Al Ma'mal Foundation Activities and Programs booklet/ (Record no. 6613)
[ view plain ]
| 000 -LEADER | |
|---|---|
| fixed length control field | 00503nam a2200145Ia 4500 |
| 001 - CONTROL NUMBER | |
| control field | 6613 |
| 008 - FIXED-LENGTH DATA ELEMENTS--GENERAL INFORMATION | |
| fixed length control field | 260622s9999 xx 000 0 und d |
| 245 #0 - TITLE STATEMENT | |
| Title | Al Ma'mal Foundation Activities and Programs booklet/ |
| Remainder of title | مؤسسة المعمل: دليل |
| 260 ## - PUBLICATION, DISTRIBUTION, ETC. | |
| Place of publication, distribution, etc. | Jerusalem; |
| Name of publisher, distributor, etc. | Al Ma'mal Foundation for Contemporary Art; |
| Date of publication, distribution, etc. | 2008 |
| 300 ## - PHYSICAL DESCRIPTION | |
| Extent | 90p; |
| Dimensions | 22x17cm |
| 546 ## - LANGUAGE NOTE | |
| Language note | English; Arabic |
| 650 ## - SUBJECT ADDED ENTRY--TOPICAL TERM | |
| Topical term or geographic name entry element | NX798-820 Arts centers and facilities |
| 9 (RLIN) | 5643 |
| 651 ## - SUBJECT ADDED ENTRY--GEOGRAPHIC NAME | |
| Geographic name | Levant |
| Geographic subdivision | Palestine فلسطين |
| 9 (RLIN) | 9452 |
| 942 ## - ADDED ENTRY ELEMENTS (KOHA) | |
| Koha item type | Book |
| Withdrawn status | Lost status | Damaged status | Not for loan | Collection | Home library | Current library | Date acquired | Total Checkouts | Full call number | Barcode | Date last seen | Price effective from | Koha item type |
|---|---|---|---|---|---|---|---|---|---|---|---|---|---|
| Arts in General | SAF Reference Library | SAF Reference Library | 06/22/2026 | NX798-820 10.705 | 6613 | 06/22/2026 | 06/22/2026 | Book |